1446 1095 1016 1534 1676 1281 1095 1083 1435 1527 1346 1891 1447 1178 1043 1178 1751 1366 1354 1941 1213 1926 1909 1090 1636 1347 1959 1544 1262 1931 1202 1795 1383 1721 1061 1767 1884 1585 1700 1135 1292 1317 1720 1658 1583 1287 1698 1738 1242 1819 1120 1580 1276 1796 1840 1312 1414 1383 1490 1114 1629 1858 1483 1408 1053 1030 1811 1176 1775 1063 1903 1746 1004 1450 1169 1567 1966 1125 1019 1174 1760 1245 1815 1659 1394 1204 1097 1614 1079 1597 1628 1047 1588 1043 1706 1679 1422 1037 1346 BCNSPRNW ULIB Ver.6.0+V

เปลี่ยนเป็นภาษาไทย

Change to English
 แสดงรายละเอียดบรรณานุกรม
  กลับหน้าหลัก

Brief Record : Get Marc (ISO 2709) : E-mail record : QR code < ปิดหน้าต่าง
LEADER : 00000nam 2200000uu 4500
001    13399113548
003     ULIB
008    111125s2552||||th 000 0 tha d
020    ^a9786167190068
090    ^aนว.^bอ312ค 2552
100 0  ^aอยุทธ์
245 00 ^aคีตกานต์อธิษฐานรัก/^cอยุทธ์
250    ^aพิมพ์ครั้งที่ 1
260    ^aกรุงเทพฯ :^bอินเลิฟ,^c2552
300    ^a445 หน้า
710 1  ^aอินเลิฟ
945    ^p0^l0^i17058
995    ^aกัณชพร
999    ^aใช้งานได้ทุกระบบ
รายการนี้ยังไม่มีแท็ก
คุณยังไม่ได้ล็อกอิน คุณสามารถมีกิจกรรมร่วมกับเว็บไซต์ได้ แต่ต้องล็อกอินก่อน ::
  ล็อกอิน

รายการสื่อสารสนเทศ

ลำดับที่ ประเภท เลขเรียก/บาร์โค้ด สถานที่ สถานะ
1. วิทยาศาสตร์การแพทย์ และสุขภาพ
วิทยาศาสตร์การแพทย์ และสุขภาพ
นว. อ312ค 2552  
  Barcode: 17058
ห้องสมุดวิทยาเขตสวรรค์ประชารักษ์
►นวนิยาย
บนชั้น
  ขอยืม

รายการใกล้เคียง
    ผู้แต่ง [อยุทธ์]

BibComment


ยังไม่เคยถูกคอมเมนท์

คอมเมนท์ทรัพยากรรายการนี้
  คอมเมนท์: คีตกานต์อธิษฐานร..


 Copyright 2026. Bcnsprnw @Library